1330 1241 1108 1203 1051 1453 1170 1989 1493 1918 1861 1404 1684 1926 1662 1480 1342 1415 1039 1948 1892 1508 1846 1099 1425 1269 1116 1120 1108 1551 1745 1761 1752 1537 1794 1883 1887 1748 1886 1069 1864 1596 1013 1781 1762 1891 1362 1593 1827 1905 1616 1306 1176 1233 1900 1373 1642 1744 1685 1776 1855 1953 1318 1331 1676 1766 1022 1793 1124 1261 1329 1788 1603 1626 1054 1733 1068 1127 1230 1531 1694 1197 1368 1916 1016 1518 1811 1316 1837 1700 1343 1801 1118 1799 1385 1255 1627 1795 1443 BCNSPRNW ULIB Ver.6.0+V

เปลี่ยนเป็นภาษาไทย

Change to English
 แสดงรายละเอียดบรรณานุกรม
  กลับหน้าหลัก

Brief Record : Get Marc (ISO 2709) : E-mail record : QR code < ปิดหน้าต่าง
LEADER : 00000nam 2200000uu 4500
001    13399127957
003     ULIB
008    211117s2563||||th 000 0 tha d
020 ^  ^a9786160041169
050 ^  ^aนว^bก832ก
100 0  ^aเก้าแต้ม.
245 1  ^aกรงเล็บอินทรี /^cเก้าแต้ม.
250 ^  ^aพิมพ์ครั้งที่ 1.
260 ^  ^aกรุงเทพฯ :^bพิมพ์คำ,^c2563.
300 ^  ^a415 หน้า ;^c21 ซม.
650 ^  ^aนวนิยาย.
945    ^p290^l0^i008547
999    ^aประนอม เกษจรัล
รายการนี้ยังไม่มีแท็ก
คุณยังไม่ได้ล็อกอิน คุณสามารถมีกิจกรรมร่วมกับเว็บไซต์ได้ แต่ต้องล็อกอินก่อน ::
  ล็อกอิน

รายการสื่อสารสนเทศ

ลำดับที่ ประเภท เลขเรียก/บาร์โค้ด สถานที่ สถานะ
1. นวนิยาย
นวนิยาย
นว ก832ก ฉ.1 
  Barcode: 008547
ห้องสมุดวิทยาเขตสวรรค์ประชารักษ์
►นวนิยาย
บนชั้น
  ขอยืม

รายการใกล้เคียง
    ผู้แต่ง [เก้าแต้ม.]

    หัวเรื่อง [นวนิยาย.]

BibComment


ยังไม่เคยถูกคอมเมนท์

คอมเมนท์ทรัพยากรรายการนี้
  คอมเมนท์: กรงเล็บอินทรี เ..


 Copyright 2026. Bcnsprnw @Library